[Event "Pilsen Region-chT 2223"]
[Site "Czech Republic"]
[Date "2023.01.15"]
[Round "6.5"]
[White "Vasicek, Tomas"]
[Black "Hadac, Pavel"]
[Result "1-0"]
[WhiteElo "2046"]
[BlackElo "1710"]
[PlyCount "61"]
[EventDate "2022.10.09"]
[EventType "team-tourn"]
[EventRounds "11"]
[EventCountry "CZE"]
[SourceTitle "EXT 2024"]
[Source "ChessBase"]
[SourceDate "2023.10.10"]
[SourceVersion "1"]
[SourceVersionDate "2023.10.10"]
[SourceQuality "1"]
[WhiteTeam "Domazlice"]
[BlackTeam "Plzen Kosutka"]
[WhiteTeamCountry "CZE"]
[BlackTeamCountry "CZE"]

1. d4 d5 2. Bf4 e6 3. e3 c6 4. c4 Nf6 5. Nc3 Nbd7 6. h3 dxc4 7. Bxc4 Nb6 8. Bb3 Nbd5 9. Bg3 Qa5 10. Nge2 Bb4 11. Qc2 0-0 12. 0-0 Qd8 13. a3 Bd6 14. Bh4 Qc7 15. e4 Nxc3 16. Nxc3 Nh5 17. e5 Be7 18. Qe4 f5 19. exf6 Nxf6 20. Qe3 Nd5 21. Nxd5 cxd5 22. Rac1 Qd7 23. Bxe7 Qxe7 24. Bxd5 Rd8 25. Rxc8 Raxc8 26. Bxe6+ Kf8 27. Bxc8 Rxc8 28. Rc1 Rc6 29. Rxc6 bxc6 30. Qxe7+ Kxe7 31. Kf1 1-0

[Event "CZE-ch Betsys Online Blitz"]
[Site "Chess.com INT"]
[Date "2021.04.17"]
[Round "7"]
[White "Bara, Jan"]
[Black "Vasicek, Tomas"]
[Result "0-1"]
[WhiteElo "1298"]
[BlackElo "2014"]
[PlyCount "90"]
[EventDate "2021.04.17"]
[EventType "swiss (blitz)"]
[EventRounds "13"]
[EventCountry "CZE"]
[SourceTitle "CBM 201 Extra"]
[Source "ChessBase"]
[SourceDate "2021.05.31"]
[SourceVersion "1"]
[SourceVersionDate "2021.05.31"]
[SourceQuality "1"]

1. d4 Nf6 2. c4 e6 3. Nc3 d5 4. cxd5 exd5 5. Nf3 Be7 6. g3 0-0 7. Bg2 b6 8. 0-0 Bb7 9. Bg5 Nbd7 10. Re1 c5 11. dxc5 Nxc5 12. Ne5 Nfe4 13. Bxe7 Qxe7 14. Nxe4 Nxe4 15. Bxe4 dxe4 16. Nc4 Rfd8 17. Qc2 Rac8 18. b3 b5 19. Qb2 bxc4 20. bxc4 Ba8 21. Red1 Qb7 22. Qxb7 Bxb7 23. Rxd8+ Rxd8 24. Rb1 Bc6 25. Rb2 g6 26. e3 Rd1+ 27. Kg2 Rc1 28. Rb8+ Kg7 29. Rb4 a5 30. Rb6 Rxc4 31. Ra6 a4 32. h4 Bd7 33. Ra7 Be6 34. f3 Rc2+ 35. Kf1 exf3 36. Rxa4 Rxa2 37. Rf4 f2 38. Rxf2 Rxf2+ 39. Kxf2 Kf6 40. Kf3 Bd5+ 41. e4 Bb7 42. Kf4 Bc8 43. g4 h5 44. g5+ Ke6 45. e5 Bb7 0-1

[Event "CZE-ch Betsys Online Blitz"]
[Site "Chess.com INT"]
[Date "2021.04.17"]
[Round "11"]
[White "Vasicek, Tomas"]
[Black "Krelina, Jan1"]
[Result "1-0"]
[WhiteElo "2014"]
[BlackElo "1523"]
[PlyCount "73"]
[EventDate "2021.04.17"]
[EventType "swiss (blitz)"]
[EventRounds "13"]
[EventCountry "CZE"]
[SourceTitle "CBM 201 Extra"]
[Source "ChessBase"]
[SourceDate "2021.05.31"]
[SourceVersion "1"]
[SourceVersionDate "2021.05.31"]
[SourceQuality "1"]

1. d4 Nf6 2. Bf4 g6 3. e3 Bg7 4. Nf3 d6 5. Be2 Nbd7 6. h3 0-0 7. 0-0 Re8 8. Bh2 b6 9. c3 Bb7 10. Nbd2 e5 11. a4 exd4 12. cxd4 Nb8 13. b4 Nc6 14. b5 Nb4 15. Qb3 Nbd5 16. Bc4 Ne7 17. Bxf7+ Kh8 18. Bxe8 Qxe8 19. Rac1 Qd7 20. Rc2 Bxf3 21. Nxf3 Rc8 22. Rfc1 h6 23. Qf7 g5 24. Bg3 Qd8 25. Nh2 Ne4 26. Ng4 Nxg3 27. fxg3 Ng8 28. Rxc7 Rxc7 29. Rxc7 Qf8 30. Qxf8 Bxf8 31. Rxa7 Ne7 32. Rb7 Nd5 33. e4 Nc3 34. Rxb6 Nxa4 35. Ra6 Nc3 36. b6 Nxe4 37. b7 1-0

[Event "CZE-chT2A 1920"]
[Site "Czech Republic"]
[Date "2020.06.28"]
[Round "11.7"]
[White "Soucha, Stepan"]
[Black "Vasicek, Tomas"]
[Result "0-1"]
[WhiteElo "1792"]
[BlackElo "2018"]
[PlyCount "80"]
[EventDate "2019.10.13"]
[EventType "team-tourn"]
[EventRounds "11"]
[EventCountry "CZE"]
[SourceTitle "EXT 2024"]
[Source "ChessBase"]
[SourceDate "2023.10.10"]
[SourceVersion "1"]
[SourceVersionDate "2023.10.10"]
[SourceQuality "1"]
[WhiteTeam "Strakonice"]
[BlackTeam "Domazlice"]
[WhiteTeamCountry "CZE"]
[BlackTeamCountry "CZE"]

1. d4 Nf6 2. Nf3 d5 3. c4 e6 4. Bg5 Be7 5. e3 Nbd7 6. Nc3 0-0 7. Rc1 b6 8. cxd5 exd5 9. Bd3 Bb7 10. 0-0 c5 11. Qe2 Re8 12. Rfd1 Ne4 13. Bxe7 Qxe7 14. Bb1 Ndf6 15. Ne5 Rac8 16. Qf3 cxd4 17. exd4 Qb4 18. Nxe4 dxe4 19. Qb3 Rxc1 20. Rxc1 Qxd4 21. Qxf7+ Kh8 22. Qxb7 Qxe5 23. Re1 Qxb2 24. h3 Qd2 25. Kf1 Qf4 26. Kg1 e3 27. fxe3 Qg3 28. Kf1 Rf8 29. Ke2 Qe5 30. Qc6 Nd5 31. Kd2 Qb2+ 32. Qc2 Rf2+ 33. Re2 Qb4+ 34. Kd3 Rf8 35. Rf2 Rxf2 36. Qxf2 Qxb1+ 37. Kd4 Qd1+ 38. Ke5 Nf6 39. e4 Qb1 40. Qf5 Qxa2 0-1

[Event "CZE-chT2A 1920"]
[Site "Czech Republic"]
[Date "2020.02.09"]
[Round "8.8"]
[White "Vasicek, Tomas"]
[Black "Petras, Milan"]
[Result "0-1"]
[WhiteElo "2018"]
[BlackElo "1996"]
[PlyCount "80"]
[EventDate "2019.10.13"]
[EventType "team-tourn"]
[EventRounds "11"]
[EventCountry "CZE"]
[SourceTitle "EXT 2024"]
[Source "ChessBase"]
[SourceDate "2023.10.10"]
[SourceVersion "1"]
[SourceVersionDate "2023.10.10"]
[SourceQuality "1"]
[WhiteTeam "Domazlice"]
[BlackTeam "Pribram Banik"]
[WhiteTeamCountry "CZE"]
[BlackTeamCountry "CZE"]

1. d4 Nf6 2. Bf4 d6 3. e3 Bg4 4. Be2 Bxe2 5. Qxe2 c6 6. Nf3 Qa5+ 7. c3 Nbd7 8. h3 e5 9. dxe5 dxe5 10. Bh2 e4 11. Nd4 Be7 12. 0-0 0-0 13. Nd2 Rfe8 14. N2b3 Qg5 15. Rfd1 Nc5 16. Nxc5 Qxc5 17. Rd2 Rad8 18. Rad1 Qa5 19. Qc4 Nd5 20. Nb3 Qxa2 21. Ra1 Nb6 22. Qxf7+ Kxf7 23. Rxa2 Nc4 24. Rxd8 Rxd8 25. Bg3 a6 26. Ra4 Rd1+ 27. Kh2 Nd2 28. Nxd2 Rxd2 29. Rxe4 Rxb2 30. f3 b5 31. Be5 Bf6 32. Kg3 a5 33. Bxf6 gxf6 34. c4 b4 35. Rh4 Kg6 36. Rg4+ Kf7 37. Rh4 a4 38. Rxh7+ Kg6 39. Ra7 a3 40. Kf4 Rxg2 0-1

[Event "Kouty nad Desnou op-A"]
[Site "Kouty nad Desnou"]
[Date "2017.03.14"]
[Round "5"]
[White "Kosut, Tomas"]
[Black "Vasicek, Tomas"]
[Result "0-1"]
[WhiteElo "1815"]
[BlackElo "2064"]
[PlyCount "65"]
[EventDate "2017.03.11"]
[EventType "swiss"]
[EventRounds "9"]
[EventCountry "CZE"]
[SourceTitle "CBM 177 Extra"]
[Source "ChessBase"]
[SourceDate "2017.04.27"]
[SourceVersion "1"]
[SourceVersionDate "2017.04.27"]
[SourceQuality "1"]

1. e4 c6 2. d4 d5 3. exd5 cxd5 4. Bd3 Nc6 5. c3 Qc7 6. h3 g6 7. Ne2 Bg7 8. Bf4 Qb6 9. Qc1 Nf6 10. Nd2 0-0 11. 0-0 Re8 12. Nf3 Na5 13. Ng3 Bd7 14. Ne5 Bb5 15. Bxb5 Qxb5 16. Bh6 Bh8 17. f4 Nc4 18. Nxc4 dxc4 19. f5 e5 20. fxg6 hxg6 21. dxe5 Rxe5 22. Bf4 Re6 23. Kh1 Rae8 24. Qd2 Ne4 25. Nxe4 Rxe4 26. Bh2 Re2 27. Qf4 Qd5 28. Rf2 R8e4 29. Qb8+ Kh7 30. Qxa7 Bd4 31. Rxf7+ Qxf7 32. cxd4 Rxg2 33. Qc5 0-1

[Event "CZE-ch U18/U20 sf"]
[Site "Kovarska"]
[Date "2016.11.14"]
[Round "2"]
[White "Miesbauer, Jan"]
[Black "Vasicek, Tomas"]
[Result "1-0"]
[WhiteElo "2217"]
[BlackElo "1974"]
[PlyCount "41"]
[EventDate "2016.11.13"]
[EventType "swiss"]
[EventRounds "9"]
[EventCountry "CZE"]
[SourceTitle "EXT 2022"]
[Source "ChessBase"]
[SourceDate "2021.10.06"]
[SourceVersion "1"]
[SourceVersionDate "2021.10.06"]
[SourceQuality "1"]

1. d4 Nf6 2. c4 e6 3. g3 d5 4. Nf3 Be7 5. Bg2 0-0 6. 0-0 b6 7. Nc3 Bb7 8. Ne5 Nbd7 9. Qa4 Nxe5 10. dxe5 Ne8 11. cxd5 exd5 12. Nxd5 Bxd5 13. Rd1 c6 14. e4 Nc7 15. exd5 cxd5 16. Bf4 Re8 17. Rac1 Kf8 18. Qc2 Ne6 19. Qxh7 Bg5 20. Rxd5 Qb8 21. Rd7 1-0

[Event "CZE-ch U20 sf"]
[Site "Frydek Mistek"]
[Date "2014.11.22"]
[Round "9"]
[White "Kopriva, Martin"]
[Black "Vasicek, Tomas"]
[Result "1-0"]
[WhiteElo "1889"]
[BlackElo "1684"]
[PlyCount "57"]
[EventDate "2014.11.16"]
[EventType "swiss"]
[EventRounds "9"]
[EventCountry "CZE"]
[SourceTitle "CBM 163 Extra"]
[Source "ChessBase"]
[SourceDate "2014.12.23"]
[SourceVersion "1"]
[SourceVersionDate "2014.12.23"]
[SourceQuality "1"]

1. e4 c6 2. d4 d5 3. e5 Bf5 4. Nf3 e6 5. Be2 Nd7 6. 0-0 Qc7 7. c4 Bxb1 8. Rxb1 dxc4 9. Bxc4 Nb6 10. Bb3 Ne7 11. Ng5 Ned5 12. Qh5 h6 13. Nxe6 Qd7 14. Nf4 0-0-0 15. Nxd5 Nxd5 16. a3 Kb8 17. Be3 g6 18. Qf3 Qe6 19. Bc4 Be7 20. b4 h5 21. b5 Bxa3 22. Bg5 Be7 23. Bxe7 Qxe7 24. bxc6 Nb6 25. Qxf7 Qxf7 26. Bxf7 bxc6 27. e6 g5 28. e7 Rc8 29. Rfe1 1-0

[Event "Czech Fed-ch U16"]
[Site "Hrdonov"]
[Date "2013.10.28"]
[Round "3"]
[White "Havelka, Jan"]
[Black "Vasicek, Tomas"]
[Result "1/2-1/2"]
[WhiteElo "1835"]
[BlackElo "1517"]
[PlyCount "105"]
[EventDate "2013.10.26"]
[EventType "swiss"]
[EventRounds "9"]
[EventCountry "CZE"]
[SourceTitle "EXT 2016"]
[Source "ChessBase"]
[SourceDate "2015.10.08"]
[SourceVersion "1"]
[SourceVersionDate "2015.10.08"]
[SourceQuality "1"]

1. e4 c6 2. d4 d5 3. exd5 cxd5 4. c4 e6 5. Nc3 Nf6 6. Nf3 Be7 7. cxd5 Nxd5 8. Bd3 0-0 9. 0-0 Nxc3 10. bxc3 Nc6 11. Qe2 Re8 12. Bb2 Bf6 13. Rfd1 g6 14. c4 b6 15. Be4 Bb7 16. Ne5 Qc7 17. Nxc6 Bxc6 18. Qf3 Bxe4 19. Qxf6 e5 20. dxe5 Re6 21. Qf4 Qb7 22. f3 Bc2 23. Rd6 Rae8 24. Rc1 Ba4 25. Ba1 Bc6 26. Rcd1 Qa8 27. Qg3 Qb7 28. f4 Rxd6 29. Rxd6 Be4 30. e6 fxe6 31. Qc3 e5 32. fxe5 Qg7 33. Qd4 Bf5 34. Bc3 Qc7 35. a4 Be6 36. a5 Qxc4 37. Qxc4 Bxc4 38. axb6 axb6 39. Rxb6 Kf7 40. Rf6+ Kg8 41. Rc6 Bd5 42. Rc7 Bf7 43. g3 Be6 44. Kf2 Rf8+ 45. Ke3 Rc8 46. Rxc8+ Bxc8 47. Kf4 h5 48. Kg5 Kf7 49. Ba5 Bd7 50. Bc7 Bc8 51. Bd8 Bd7 52. Bf6 Bc8 53. Kf4 1/2-1/2

[Event "CZE-ch U12"]
[Site "Kouty nad Desnou"]
[Date "2010.03.10"]
[Round "6"]
[White "Vasicek, Tomas"]
[Black "Bocek, Lukas"]
[Result "1-0"]
[WhiteElo "1547"]
[BlackElo "1597"]
[PlyCount "55"]
[EventDate "2010.03.06"]
[EventType "swiss"]
[EventRounds "9"]
[EventCountry "CZE"]
[SourceTitle "EXT 2012"]
[Source "ChessBase"]
[SourceDate "2011.11.24"]
[SourceVersion "1"]
[SourceVersionDate "2011.11.24"]
[SourceQuality "1"]

1. d4 d5 2. Nf3 Nf6 3. Bg5 Ne4 4. Bf4 Bf5 5. e3 Nd7 6. Nbd2 e6 7. Be2 Be7 8. 0-0 h5 9. h3 g5 10. Bg3 g4 11. hxg4 hxg4 12. Nh2 Bh4 13. Nxe4 dxe4 14. Bxg4 Bxg3 15. fxg3 Qg5 16. Rf4 Nf6 17. Bxf5 exf5 18. c4 Nh5 19. Rf2 Qxe3 20. Qa4+ c6 21. d5 Rc8 22. dxc6 bxc6 23. Qa5 c5 24. Qb5+ Kf8 25. Qd7 Re8 26. Qxf5 Re7 27. Rd1 f6 28. Ng4 1-0

[Event "CZE-ch U12"]
[Site "Kouty nad Desnou"]
[Date "2010.03.07"]
[Round "2"]
[White "Vasicek, Tomas"]
[Black "Steinhauser, Vaclav"]
[Result "1/2-1/2"]
[WhiteElo "1547"]
[BlackElo "1456"]
[PlyCount "31"]
[EventDate "2010.03.06"]
[EventType "swiss"]
[EventRounds "9"]
[EventCountry "CZE"]
[SourceTitle "EXT 2012"]
[Source "ChessBase"]
[SourceDate "2011.11.24"]
[SourceVersion "1"]
[SourceVersionDate "2011.11.24"]
[SourceQuality "1"]

1. d4 d5 2. Nf3 Nf6 3. Bg5 Bf5 4. Nbd2 h6 5. Bf4 e6 6. e3 Nbd7 7. h3 Be7 8. Be2 0-0 9. 0-0 Nb6 10. c3 Bd6 11. Ne5 Nfd7 12. Bg4 Bxg4 13. Qxg4 Qf6 14. Ndf3 Nxe5 15. Nxe5 Rad8 16. Qg3 1/2-1/2

[Event "CZE Czechia-ch U12"]
[Site "Harrachov"]
[Date "2009.10.24"]
[Round "1"]
[White "Vasicek, Tomas"]
[Black "Zateckova, Karolina"]
[Result "1/2-1/2"]
[WhiteElo "1561"]
[BlackElo "1250"]
[PlyCount "94"]
[EventDate "2009.10.24"]
[EventType "swiss"]
[EventRounds "9"]
[EventCountry "CZE"]
[SourceTitle "EXT 2012"]
[Source "ChessBase"]
[SourceDate "2011.11.24"]
[SourceVersion "1"]
[SourceVersionDate "2011.11.24"]
[SourceQuality "1"]

1. e4 e5 2. Nf3 Nc6 3. Bb5 d6 4. 0-0 Bd7 5. c3 Nf6 6. Re1 a6 7. Ba4 b5 8. Bb3 Be6 9. d4 Bxb3 10. axb3 Be7 11. d5 Nb8 12. Nbd2 0-0 13. Nf1 Qd7 14. h3 c6 15. Ng3 cxd5 16. exd5 Re8 17. c4 bxc4 18. bxc4 Bf8 19. Qc2 Rc8 20. b3 g6 21. Ng5 Bg7 22. N3e4 Nxe4 23. Nxe4 f5 24. Ng5 Qe7 25. f3 Nd7 26. Ba3 Nc5 27. Bxc5 Rxc5 28. Ne6 Rcc8 29. Qe2 Bf6 30. b4 e4 31. fxe4 Bxa1 32. Rxa1 fxe4 33. Qxe4 Qf6 34. Rf1 Qe5 35. Qxe5 dxe5 36. d6 Ra7 37. c5 Rd7 38. Nc7 Rcxc7 39. dxc7 Rxc7 40. Kf2 Rb7 41. Rb1 Kf7 42. Ke3 Ke6 43. Ke4 h6 44. g3 g5 45. Rb2 Rb8 46. Ke3 Kd5 47. Rb1 Ke6 1/2-1/2